000 00608nam a2200181Ia 4500
999 _c4324
_d4324
003 GBCCL
005 20241126110516.0
008 171201b xxu||||| |||| 00| 0 eng d
040 _cgbc
082 _aVER 224.507
_bKHA
100 _aKhamkholun. L.
_97255
245 _aKamsang Daniel Laibu Hilhchetna Bung 1-12:
_bGenkholhna Tungtawn a Kilaakna /
_cL. Khamkholun
260 _bEvangelical Baptist Convention,
_aNew Lamka:
_c2010
300 _a261p.;
_bill.,
_c23 cm.
440 _aSaptuam Laisiangthou Hilhchetna
_97247
650 _aBible
_vOld Testament
_xDaniel
_xCommentary
_97283
942 _eREPRINT
_2ddc
_cBK
_09